header

The little data book on private sector development. (Record no. 36993)

MARC details
000 -LEADER
fixed length control field 01681nam a2200421Ia 4500
245 04 - TITLE STATEMENT
Title The little data book on private sector development.
260 ## - PUBLICATION, DISTRIBUTION, ETC. (IMPRINT)
Place of publication Washington, D.C. :
Name of publisher World Bank,
Year of publication c2008.
300 ## - PHYSICAL DESCRIPTION
Number of Pages vi, 232 p. :
Other physical details ill.
490 0# - SERIES STATEMENT
Series statement The little data book on private sector development ;
650 #0 - SUBJECT ADDED ENTRY--TOPICAL TERM
Topical Term Economic history
Topical Term Economic development
Topical Term Private companies
Topical Term Finance
Topical Term Infrastructure (Economics)
Topical Term Industrial policy
Topical Term Economic indicators.
856 40 - ELECTRONIC LOCATION AND ACCESS
Uniform Resource Identifier http://site.ebrary.com/lib/rucke/Doc?id=10236056

No items available.

© 2026 Rongo University
Contact us: librarian | system librarian | Rongo university